Ulice Suwałk z numerami w nazwie - Statystyki

Ogólne statystyki
  • Ten quiz został rozwiązany 12 razy
    10 od ostatniego zresetowania
  • Średni wynik to 4 z 13
Statystyki odpowiedzi
Typ Nazwa % Poprawnych
Ulica 1 Maja
100%
Ulica 11 Listopada
89%
Park Park Konstytucji 3 Maja
78%
Ulica 100-lecia Niepodległości
44%
Ulica 24 Sierpnia
33%
Skwer Skwer Radia 5
22%
Ulica Jana III Sobieskiego
11%
Ulica Mieszka I
11%
Rondo Rondo 300-lecia Miasta Suwałk
11%
Ulica 41 Pułku Piechoty
0%
Ulica Augusta II Mocnego
0%
Ulica Dubowo I
0%
Rondo Rondo Ofiar Obławy Augustowskiej w Lipcu 1945 roku na Suwalszczyźnie
0%
Nie znaleziono quizów pasujących do podanych kryteriów
Rozkład punktacji
Procent ludzi z każdym wynikiem
Percentyl według liczby udzielonych odpowiedzi
Twoja historia wyników
Nie rozwiązałeś tego quizu od ostatniego zresetowania